000 00492nam a2200181Ia 4500
001 17979
005 20260306171557.0
008 260306s9999||||xx |||||||||||||| ||und||
041 _aESP
082 _a658.3
_bS98
100 _aSwanson, Richard A.
_eAUT
245 0 _aResultados:
_bcómo evaluar el desempeño, el aprendizaje y la percepción en las organizaciones
260 _c2002
300 _a290 páginas :
_c24 cm.
650 _aGEN
654 _aCAN
942 _cLIB
_dJUS
_fJUS
_2ddc
_n
999 _c17979
_d17979